Biodiversity Issues for consideration in the palnning, establishment and management of protected area sites and networks
Gespeichert in:
| Format: | Buch |
|---|---|
| Sprache: | Undetermined |
| Veröffentlicht: |
Kuala Lunper
Secretariat of the Conservation on Biologiacal Diversity
2004
|
| Schlagworte: | |
| Tags: |
Tag hinzufügen
Keine Tags, Fügen Sie den ersten Tag hinzu!
|
| Thư viện lưu trữ: | Trung tâm Học liệu Trường Đại học Cần Thơ |
|---|
| LEADER | 00601nam a2200169Ia 4500 | ||
|---|---|---|---|
| 001 | CTU_122518 | ||
| 008 | 210402s9999 xx 000 0 und d | ||
| 082 | |a 333.9516 | ||
| 082 | |b B615 | ||
| 245 | 0 | |a Biodiversity Issues for consideration in the palnning, establishment and management of protected area sites and networks | |
| 260 | |a Kuala Lunper | ||
| 260 | |b Secretariat of the Conservation on Biologiacal Diversity | ||
| 260 | |c 2004 | ||
| 650 | |a Biological diversity,Biological diversity | ||
| 650 | |x Conversation | ||
| 904 | |i M.Loan | ||
| 980 | |a Trung tâm Học liệu Trường Đại học Cần Thơ | ||